| 000 -LEADER |
| fixed length control field |
01536cam a2200313 ic4500 |
| 003 - CONTROL NUMBER IDENTIFIER |
| control field |
OSt |
| 005 - DATE AND TIME OF LATEST TRANSACTION |
| control field |
20240117123241.0 |
| 008 - FIXED-LENGTH DATA ELEMENTS--GENERAL INFORMATION |
| fixed length control field |
091127s2008 ii ab b 001 0 eng d |
| 020 ## - INTERNATIONAL STANDARD BOOK NUMBER |
| International Standard Book Number |
9788190409681 |
| 043 ## - GEOGRAPHIC AREA CODE |
| Geographic area code |
a-ii--- |
| 082 04 - DEWEY DECIMAL CLASSIFICATION NUMBER |
| Classification number |
720.954 |
| Edition number |
22 |
| 100 1# - MAIN ENTRY--PERSONAL NAME |
| Personal name |
Thakkar, Jay, |
| Dates associated with a name |
1976- |
| Relator term |
author. |
| 245 10 - TITLE STATEMENT |
| Title |
Prathaa: |
| Remainder of title |
Kath-khuni Architecture of Himachal Pradesh |
| Statement of responsibility, etc |
Jay Thakkar, Skye Morrison ; advisor, Kireet Patel ; research assistant, Hardik Amin ; foreword by George Michell. |
| 300 ## - PHYSICAL DESCRIPTION |
| Extent |
313 pages : |
| Other physical details |
illustrations (chiefly color), maps ; |
| Dimensions |
29 cm |
| 490 0# - SERIES STATEMENT |
| Series statement |
[Space making craft ; |
| Volume number/sequential designation |
v. 2] |
| 500 ## - GENERAL NOTE |
| General note |
Series statement from jacket. |
| 504 ## - BIBLIOGRAPHY, ETC. NOTE |
| Bibliography, etc |
Includes bibliographical references (page 307) and index. |
| 505 0# - FORMATTED CONTENTS NOTE |
| Formatted contents note |
part 1. Beginning of a journey -- part 2. Vernacular houses -- part 3. Granaries -- part 4. Temples -- part 5. End of a journey. |
| 650 #0 - SUBJECT ADDED ENTRY--TOPICAL TERM |
| Topical term or geographic name as entry element |
Vernacular architecture |
| Geographic subdivision |
India |
| -- |
Himachal Pradesh |
| Form subdivision |
Designs and plans. |
| 650 #0 - SUBJECT ADDED ENTRY--TOPICAL TERM |
| Topical term or geographic name as entry element |
Architecture, Domestic |
| Geographic subdivision |
India |
| -- |
Himachal Pradesh |
| Form subdivision |
Designs and plans. |
| 650 #0 - SUBJECT ADDED ENTRY--TOPICAL TERM |
| Topical term or geographic name as entry element |
Granaries |
| Geographic subdivision |
India |
| -- |
Himachal Pradesh |
| Form subdivision |
Designs and plans. |
| 650 #0 - SUBJECT ADDED ENTRY--TOPICAL TERM |
| Topical term or geographic name as entry element |
Hindu temples |
| Geographic subdivision |
India |
| -- |
Himachal Pradesh |
| Form subdivision |
Designs and plans. |
| 650 #0 - SUBJECT ADDED ENTRY--TOPICAL TERM |
| Topical term or geographic name as entry element |
Interior decoration |
| Geographic subdivision |
India |
| -- |
Himachal Pradesh. |
| 650 #0 - SUBJECT ADDED ENTRY--TOPICAL TERM |
| Topical term or geographic name as entry element |
Building, Wooden |
| Geographic subdivision |
India |
| -- |
Himachal Pradesh. |
| 650 #0 - SUBJECT ADDED ENTRY--TOPICAL TERM |
| Topical term or geographic name as entry element |
Stone houses |
| Geographic subdivision |
India |
| -- |
Himachal Pradesh. |
| 700 1# - ADDED ENTRY--PERSONAL NAME |
| Personal name |
Morrison, Sheila Skye, |
| Dates associated with a name |
1951- |
| Relator term |
author. |
| 710 2# - ADDED ENTRY--CORPORATE NAME |
| Corporate name or jurisdiction name as entry element |
Center for Environmental Planning and Technology University (Ahmadābād, India). |
| Subordinate unit |
SID Research Cell. |
| 942 ## - ADDED ENTRY ELEMENTS (KOHA) |
| Source of classification or shelving scheme |
|